000 00317nam a22001457a 4500
008 231124b ||||| |||| 00| 0 eng d
020 _a9780691029511
041 _aeng
080 _a94
082 _a94DRE
100 _a28
101 _aHISTOR
245 _aTHE COMING OF THE GREEKS
_cDREWS .R
942 _2udc
_cBK
999 _c60505
_d60505